| 000 | 00962nam a2200229 a 4500 | ||
|---|---|---|---|
| 008 | 120416s1992 ||||||||||||||||| || u | ||
| 020 | _a0080418856 | ||
| 050 | _aTN 500 Wil | ||
| 100 | _aWills, B. A. (Barry Alan) | ||
| 245 | 1 | 0 | _aMineral processing technology: an introduction to the practical aspects of ore treatment and mineral recovery (5th ed.) |
| 250 | _a5th ed. | ||
| 260 |
_aOxford _bPergamon _c1992 |
||
| 300 | _axix, 855p. : ill. | ||
| 350 | _a0.00 | ||
| 490 | _aInternational series on materials science & technology | ||
| 500 | _aBibliography. | ||
| 650 | 3 | _aMINERALS | |
| 650 | _aMineral processing | ||
| 650 | _aORE--DRESSING | ||
| 995 |
_aBINDERY (DAMAGED) _D0.00 _e726939 _FCBU-MAIN LIBRARY (Kitwe) _H1 _I124000.00 _jTN 500 Wil _M1 _UDAMAGED _y015877 _ZMain Library Open Access Collection |
||
| 995 |
_aBINDERY (DAMAGED) _D0.00 _e740194 _FCBU-MAIN LIBRARY (Kitwe) _H2 _I124000.00 _jTN 500 Wil _UAVAILABLE _y015878 _ZMain Library Open Access Collection |
||
| 999 |
_c77672 _d77672 |
||